000 00970nam a2200229Ia 4500
001 937-PAI et ro (19469)
003 IT-MiSPE
008 171229s9999||||xx |||||||||||||| ||und||
040 _aIT-MiSPE
_cIT-MiSPE
041 _aITALIANO
100 _aEttore Pais
245 0 _aRoma
_bDall'antico al nuovo Impero
250 _a1a ed. (v)
260 _aMilano
_bHoepli
_c1938
300 _aXVI, 462 p.
_c20 cm
500 _aRoma - Storia antica
501 _aEdizioni San Paolo srl - Piazza Soncino, 5 - 20092 CINISELLO BALSAMO (MI) (non commercial uses only) ® Copyright 2018
520 _aTav.
942 _cBK
957 _71
999 _a5876
_bNO
_g Copie: 1
_c356679
_d356679